Mechanics and hydrostatics (Record no. 180562)
[ view plain ]
| 000 -LEADER | |
|---|---|
| fixed length control field | 00439 a2200169 4500 |
| 003 - CONTROL NUMBER IDENTIFIER | |
| control field | Nust |
| 005 - DATE AND TIME OF LATEST TRANSACTION | |
| control field | 20221206105037.0 |
| 040 ## - CATALOGING SOURCE | |
| Transcribing agency | Nust |
| 082 ## - DEWEY DECIMAL CLASSIFICATION NUMBER | |
| Classification number | 530, MIT |
| 100 ## - MAIN ENTRY--PERSONAL NAME | |
| Personal name | Mitton, R. G. |
| 9 (RLIN) | 104195 |
| 245 ## - TITLE STATEMENT | |
| Title | Mechanics and hydrostatics |
| Statement of responsibility, etc. | R. G. Mitton |
| 260 ## - PUBLICATION, DISTRIBUTION, ETC. | |
| Place of publication, distribution, etc. | London |
| Name of publisher, distributor, etc. | J M.Dent |
| Date of publication, distribution, etc. | 1945 |
| 300 ## - PHYSICAL DESCRIPTION | |
| Extent | 275:p |
| 505 ## - FORMATTED CONTENTS NOTE | |
| Formatted contents note | Part-1. Mechanics (Page-3), Part-2. Hydrostatics (Page-197). |
| 600 ## - SUBJECT ADDED ENTRY--PERSONAL NAME | |
| Personal name | Physics |
| 9 (RLIN) | 104196 |
| 942 ## - ADDED ENTRY ELEMENTS (KOHA) | |
| Source of classification or shelving scheme | |
| Koha item type | Book |
| Withdrawn status | Lost status | Source of classification or shelving scheme | Damaged status | Not for loan | Permanent Location | Current Location | Shelving location | Date acquired | Total Checkouts | Full call number | Barcode | Date last seen | Date last checked out | Price effective from | Koha item type | Public note |
|---|---|---|---|---|---|---|---|---|---|---|---|---|---|---|---|---|
| Military College of Signals (MCS) | Military College of Signals (MCS) | General Stacks | 12/12/2016 | 1 | 530, MIT | MCS29692 | 10/20/2022 | 10/20/2022 | 12/12/2016 | Book | Almirah No.15, Shelf No.3 |
